02526cam a22004817i 45000010005000000030006000050050017000110080041000280100017000690200018000860200018001040200015001220350024001370400104001610420014002650500027002790820015003061000024003212450042003452600037003873000023004243360026004473370028004733380023005015200838005246500029013626500021013916500036014126500031014486500023014796500038015026500040015406500048015806500053016286500046016816550048017276550039017756550029018149060045018439420015018889990015019039520126019182685FISKH20240110091210.0170601s2017 ie 000 1 eng d a 2017380188 a9781844883516 a9780241970744 a1844883515 a(OCoLC)ocn958097632 aYDXbengcYDXerdadOCLCQdTOHdOCLCQdNLEdNZWRPdNTAUPdOCLCOdNZWRPdNZAUCdOCLCFdYDXdEMUdDLC alccopycat00aPR6113.O7485bG66 201704a823.922231 aMoriarty, Sinéad.10aThe good mother /cSinéad Moriarty. aDelhi : bPenguin Books, c2017. a454 pages ;c20 cm atextbtxt2rdacontent aunmediatedbn2rdamedia avolume2rdacarrier aKate has been through the fire with her three children ... Having been left devastated and homeless after her husband's affair and the break-up of their family, somehow she has pulled through. Though times are still tough, she's beginning to see the start of a new life. But when twelve-year-old Jesssica is diagnosed with cancer, Kate's resilience is put to the ultimate test. She has an eighteen-year-old son consumed with hatred of his father, a seven-year-old who is bewildered and acting up and an ex-husband who won't face up to his responsibilities. And in the middle of it a beloved child who is trying to be brave but is getting sicker by the day. Kate knows she must put to one side her own fear and heartbreak and do right by her children, particularly Jessica. But maybe doing the right thing means doing the unthinkable? 0aSingle mothersvFiction. 0aCancervFiction. 0aMothers and daughtersvFiction. 0aMother and childvFiction. 0aFamiliesvFiction. 7aCancer.2fast0(OCoLC)fst00845317 7aFamilies.2fast0(OCoLC)fst01728849 7aMother and child.2fast0(OCoLC)fst01026878 7aMothers and daughters.2fast0(OCoLC)fst01026997 7aSingle mothers.2fast0(OCoLC)fst01119370 7aDomestic fiction.2fast0(OCoLC)fst01726589 7aFiction.2fast0(OCoLC)fst01423787 7aDomestic fiction.2lcgft a7bcbcccopycatd3encipf20gy-gencatlg 2ddccBKn0 c2685d2685 00102ddc40708FICa001b001cTKSFd2024-01-10l0oMOR Fic PR6113.O7485p2024-0007r2024-01-10 09:12:06w2024-01-10yBK